Ochránců mnoho, ochrany málo

Česká obchodná inšpekcia a jej pôsobenie v trhových podmienkach. Vzťah predávajúcich a kupujúcich v nových podmienkach. Ochrana spotrebiteľa vo svete a v Čechách. Zákony o ochrane kupujúcich. Charakteristika a úlohy Českej obchodnej inšpekcie (ČOI). Kontrola ČOI. Nedostatočnosť ochrany spotrebiteľa...

Descrizione completa

Salvato in:
Dettagli Bibliografici
Autore principale: Simonian, Aram
Natura: Capitolo di libro
Lingua:ceco
Soggetti:
Tags: Aggiungi Tag
Nessun Tag, puoi essere il primo ad aggiungerne!!

MARC

LEADER 00000naa a2200000 4500
001 r015473
005 20221213082002.1
041 0 |a cze 
044 |a CZ 
245 1 0 |a Ochránců mnoho, ochrany málo  |c A. Simonian 
520 |a Česká obchodná inšpekcia a jej pôsobenie v trhových podmienkach. Vzťah predávajúcich a kupujúcich v nových podmienkach. Ochrana spotrebiteľa vo svete a v Čechách. Zákony o ochrane kupujúcich. Charakteristika a úlohy Českej obchodnej inšpekcie (ČOI). Kontrola ČOI. Nedostatočnosť ochrany spotrebiteľa zo strany ČOI. Združovanie spotrebiteľov do organizácií kvôli vlastnej ochrane. 
610 2 0 |a ochrana spotrebiteľa 
610 2 0 |a zákony 
610 2 0 |a Česko 
610 2 0 |a svet 
100 1 |a Simonian, Aram